000 00609nam a2200229Ia 4500
003 OSt
005 20220926014824.0
006 a|||||r|||| 00| 0
007 ta
008 220923b |||||||| |||| 00| 0 eng d
037 _cGeneral Book
040 _aRTL
_cRTL
_beng
041 _2eng
_aeng
082 _aX:3M24xM18, K8.1/SC
100 _aMANDEL Ernest
245 0 _aMarxist economy theory.
260 _aNew York
_bMerlin Press
_c1968
300 _a379p.
_ccm.
490 _vVol. 1
942 _hX:3M24xM18, K8.1/SC
_cGB
_2CC
999 _c629909
_d629909